大手私鉄が3社以上乗り入れている駅 - Statistics

General Stats
  • This quiz has been taken 485 times
  • The average score is 5 of 6
Answer Stats
Answer % Correct
新宿
97%
渋谷
95%
池袋
94%
横浜
83%
難波
68%
押上
53%
No matching quizzes found
Score Distribution
Percent of People with Each Score
Percentile by Number Answered
Your Score History
You have not taken this quiz